ბათუმის შოთა რუსთაველის სახელმწიფო უნივერსიტეტის ბიბლიოთეკა

Практикум по технологии переработки нефти. (ბიბ.ჩანაწერი № 38235)

000 -LEADER
fixed length control field 00774nam a2200229Ia 4500
001 - CONTROL NUMBER
control field 4225
003 - CONTROL NUMBER IDENTIFIER
control field GE_BSU
008 - FIXED-LENGTH DATA ELEMENTS--GENERAL INFORMATION
fixed length control field 181216s||||||||xx |||||||||||||| ||und||
040 ## - CATALOGING SOURCE
Transcribing agency GE_BSU
080 ## - UNIVERSAL DECIMAL CLASSIFICATION NUMBER
Universal Decimal Classification number 665.63(076)
100 ## - MAIN ENTRY--PERSONAL NAME
Personal name Смидович,Е.В. Лукашевич,И.П. Гаглоева,О.Ф.
245 ## - TITLE STATEMENT
Title Практикум по технологии переработки нефти.
245 ## - TITLE STATEMENT
Statement of responsibility, etc. Под. ред. Е.В.Смидович, И.П.Лукашевич.
250 ## - EDITION STATEMENT
Edition statement Изд. 3-е, пер. и доп.
260 ## - PUBLICATION, DISTRIBUTION, ETC.
Place of publication, distribution, etc. М.
260 ## - PUBLICATION, DISTRIBUTION, ETC.
Name of publisher, distributor, etc. Химия.
260 ## - PUBLICATION, DISTRIBUTION, ETC.
Date of publication, distribution, etc. 1978.
300 ## - PHYSICAL DESCRIPTION
Extent 288 стр. 22 см.
300 ## - PHYSICAL DESCRIPTION
Accompanying material 2 табл. 100 рис.
653 ## - INDEX TERM--UNCONTROLLED
Uncontrolled term Практикум по технологии переработки нефти.
942 ## - ADDED ENTRY ELEMENTS (KOHA)
Koha item type წიგნი
ეგზემპლარები
Withdrawn status Lost status Damaged status Not for loan Date acquired Barcode Date last seen Price effective from Koha item type Public note
        2018-12-17 9579 2018-12-17 2018-12-17 წიგნი საცავი